Où ont été tournés ces films ? - Statistiques

Statistiques générales
  • Ce quiz a été pris 41 fois
  • Le résultat moyen est 6 sur 10
Statistiques - réponses
Film Pays de tournage % Correct
Taxi Driver États-Unis
97%
Harry Potter Royaume-Uni
97%
Le Parrain Italie
89%
Kill Bill Chine
79%
La Liste de Schindler Pologne
76%
Le Seigneur des Anneaux Nouvelle-Zélande
68%
Le Bon, La Brute et Le Truand Espagne
66%
Le Grand Bleu Grèce
32%
Apocalypse Now Philippines
21%
Jurassic Park Hawaï
5%
Aucun quiz correspondant
Distribution des résultats
% des personnes avec chaque résultat
Percentile par nombre de réponses
Votre historique - résultats
Vous n’avez pas pris ce quiz